Advanced Materials and Technologies : "Extended Abstracts" Volume : Konf. Gliwice-Zakopane. Poland. May 17-21,1995

Salvato in:
Dettagli Bibliografici
Natura: Libro
Lingua:inglese
Pubblicazione: Gliwice : ISC, 1995
Soggetti:
Tags: Aggiungi Tag
Nessun Tag, puoi essere il primo ad aggiungerne!!

MARC

LEADER 00000nam a22000003a 4500
001 stu44848
005 20150408180417.7
008 950628s1995----pl------------------eng-d
020 |a 83-903699-1-5 
040 |a STU  |b slo 
041 0 |a eng 
044 |a pl 
080 |a 620.22 
080 |a 621(082)  |7 stu_us_auth*stu3307 
245 |a Advanced Materials and Technologies :  |b "Extended Abstracts" Volume : Konf. Gliwice-Zakopane. Poland. May 17-21,1995 
260 |a Gliwice :  |b ISC,  |c 1995 
300 |a 528 s 
650 7 |a materiály  |2 stusub 
650 7 |a zborníky  |2 stusub 
650 7 |a technológie  |2 stusub 
996 |b MZ 879  |c M*Z-879  |l MMKN  |s A  |a 24  |w stu44848_0001